000 00410cam a2200157ua 4500
041 _aeng
_h
082 _a420
_bMAR/IN
100 _aMarckwardt, Albert T.
245 _aIntroduction to the English language /
_cAlbert T Marckwardt.
_hTextual Documents
250 _a1 /
_b.
260 _aLondon :
_bOxford University Press ,
_c1966.
300 _a347 ; .
504 _a
942 _cBK
999 _c8649
_d8649